Sports Quiz

Random Sports or NFL Quiz

All NFL teams thats mascots are animals Quiz Stats

 Plays Quiz not verified by Sporcle

Challenge
Share
Tweet
Embed
Score 0/16 Timer 02:00
0 Plays Today
Team name % Correct
Bears
93.5%
Lions
88%
Falcons
86.1%
Broncos
84.3%
Seahawks
84.3%
Cardinals
81.5%
Ravens
81.5%
Eagles
79.6%
Team name % Correct
Panthers
76.9%
Jaguars
76.9%
Colts
75.9%
Bengals
75.9%
Dolphins
75.9%
Rams
70.4%
Bills
69.4%
Browns
46.7%

You're not logged in!

Compare scores with friends on all Sporcle quizzes.
Join for Free
OR
Log In

You Might Also Like...

Show Comments

Extras

Created Mar 18, 2013ReportNominate
Tags:Animal Quiz, NFL Quiz, mascot, team

Top Quizzes Today


Score Distribution

Your Account Isn't Verified!

In order to create a playlist on Sporcle, you need to verify the email address you used during registration. Go to your Sporcle Settings to finish the process.

Report this User

Report this user for behavior that violates our Community Guidelines.

Details: